[Event "Oslo op"]
[Site "Oslo"]
[Date "2018.10.07"]
[Round "10"]
[White "Lundesgaard, Elling"]
[Black "Selvik, Kjetil"]
[Result "0-1"]
[WhiteElo "1216"]
[BlackElo "1478"]
[PlyCount "52"]
[EventDate "2018.09.30"]
[EventType "swiss"]
[EventRounds "10"]
[EventCountry "NOR"]
[SourceTitle "EXT 2020"]
[Source "ChessBase"]
[SourceDate "2019.10.17"]
[SourceVersion "1"]
[SourceVersionDate "2019.10.17"]
[SourceQuality "1"]

1. e4 c5 2. Nc3 e6 3. Bc4 Ne7 4. Nf3 d5 5. exd5 exd5 6. Be2 d4 7. Ne4 Ng6 8. 0-0 Be7 9. Bc4 0-0 10. d3 h6 11. h3 Be6 12. Bxe6 fxe6 13. Re1 Nd7 14. b3 e5 15. Re2 Nf4 16. Bxf4 Rxf4 17. Ned2 Bd6 18. Nc4 Qe7 19. Nxd6 Qxd6 20. Qd2 Rf5 21. Rae1 Raf8 22. Nh4 Rh5 23. Nf3 Rxf3 24. gxf3 Qg6+ 25. Kh2 Qf5 26. Qxh6 Rxh6 0-1

[Event "Oslo op"]
[Site "Oslo"]
[Date "2018.10.05"]
[Round "8"]
[White "Selvik, Elma"]
[Black "Lundesgaard, Elling"]
[Result "1-0"]
[WhiteElo "1247"]
[BlackElo "1216"]
[PlyCount "105"]
[EventDate "2018.09.30"]
[EventType "swiss"]
[EventRounds "10"]
[EventCountry "NOR"]
[SourceTitle "EXT 2020"]
[Source "ChessBase"]
[SourceDate "2019.10.17"]
[SourceVersion "1"]
[SourceVersionDate "2019.10.17"]
[SourceQuality "1"]

1. d4 f5 2. c4 e6 3. a3 Nf6 4. Nc3 Be7 5. Bf4 0-0 6. h3 d6 7. Nf3 Ne4 8. Bd2 Nd7 9. Qc2 Ndf6 10. e3 Nxc3 11. Bxc3 Ne4 12. Bd3 Nxc3 13. Qxc3 Bf6 14. Qc2 Bd7 15. 0-0 Be7 16. Rfe1 d5 17. c5 Be8 18. b4 Bh5 19. Nh2 Qe8 20. Be2 Bg6 21. Qa2 Bg5 22. Nf3 Bh6 23. Ne5 f4 24. Bf3 Bh5 25. Qe2 Bxf3 26. Nxf3 Rf6 27. Ne5 Qe7 28. Ng4 Rg6 29. Ne5 Rf6 30. b5 Raf8 31. c6 b6 32. Nd7 f3 33. Nxf6+ Rxf6 34. gxf3 Rg6+ 35. Kh1 Qh4 36. Kh2 Bg5 37. Rg1 Rh6 38. Rg3 Be7 39. Rag1 Bd6 40. f4 g5 41. Rxg5+ Kf7 42. Qf3 Be7 43. R1g4 Bxg5 44. fxg5+ Kg8 45. Rxh4 Rxh4 46. Qf6 Rh5 47. Qxe6+ Kf8 48. Qxd5 Kg7 49. Qd7+ Kg6 50. Qxc7 Rxg5 51. Qd6+ Kh5 52. c7 Rg6 53. Qd8 1-0